Dve teórie sociálnych tried a stratifikácie

Neomarxistický a neoweberovský prístup ku skúmaniu tried a sociálnej stratifikácie. Chápanie a modely spoločenských tried a systémov sociálnej stratifikácie súčasných vyspelých spoločností. Hlavné smery sociologickej kritiky. Wrightova typológia spoločenských tried. Goldthorpeho vymedzenie tried.

Saved in:
Bibliographic Details
Main Author: Sopóci, Ján
Format: Book Chapter
Language:Slovak
Subjects:
Tags: Add Tag
No Tags, Be the first to tag this record!

MARC

LEADER 00000naa a2200000 4500
001 r033421
005 20230929065949.8
041 0 |a slo 
044 |a SK 
245 1 0 |a Dve teórie sociálnych tried a stratifikácie  |c Ján Sopóci 
520 |a Neomarxistický a neoweberovský prístup ku skúmaniu tried a sociálnej stratifikácie. Chápanie a modely spoločenských tried a systémov sociálnej stratifikácie súčasných vyspelých spoločností. Hlavné smery sociologickej kritiky. Wrightova typológia spoločenských tried. Goldthorpeho vymedzenie tried. 
610 2 0 |a sociológia 
610 2 0 |a triedy a vrstvy 
610 2 0 |a triedy spoločenské 
610 2 0 |a stratifikácia sociálna 
610 2 0 |a manažéri 
610 2 0 |a štruktúra sociálna 
610 2 0 |a výskum sociologický 
100 1 |a Sopóci, Ján